000 01685nam a2200253 a 4500
005 20260322212026.0
008 data
010 _a87-173519
020 _a0880482540 (U.S.)
020 _a9780880482547 (U.S.)
096 _aWM 171 B615 1985
245 1 4 _aThe Biology of depression :
_bproceedings of a meeting of the Biological Group of the Royal College ofPsychiatrists, held at Manchester University, 1985
_cedited by J.F.W. Deakin.
260 _aLondon
_bGaskell ;
_cc1986
300 _avi, 224 p. :
_b ill. ;
_c 23 cm.
500 _aIncludes bibliographies and index.
500 _aMonoamines, rewards and punishments / J.F.W. Deakin and T.J. Crow / Peter McGuffin and Randy Katz -- Postmortem neurochemical findings in suicide and depression / S.J. Cooper [et al.] -- 5HT neuroendocrinology / P.J. Cowen and I.M. Anderson -- 5HT transport and the mediation of action of antidepressants / Keith Wood -- The responsiveness of central alpha2 adrenoceptors in depression / S.A. Checkley [et al.] -- Plantelet binding and neuroendocrine responses in depression / C.L.E. Katona [et al.] -- Vanadium and the sodium pump in manic depressive psychosis / G.J. Naylor -- Recent advances in the treatment of depression / E.S. Paykel and A.S. Hale -- Antidepressants and monoamines / A.R. Green and G.M. Goodwin -- Antidepressant drugs and the autonomic nervous system / E. Szabadi and C.M. Bradsaw.
650 0 2 _aAntidepressive Agents
_xpharmacology
650 0 2 _aBrain Chemistry
650 0 2 _aDepressive Disorder
_xdrug therapy
650 0 2 _aDepressive Disorder
_xphysiopathology
700 1 _aDeakin, J. F. W.
710 2 _aRoyal College of Psychiatrists. Biological Group.
001 data
999 _c597
_d597